Bilecik Bilecik Bilecik Bilecik Bilecik

I. Uluslararası İnsan Hakları Sempozyumu : (Record no. 67176)

MARC details
000 -BAŞLIK
Sabit Uzunluktaki Kontrol Alanı 01410nam a22003497a 4500
001 - KONTROL NUMARASI
Control Dosyası 0066735
003 - KONTROL NUMARASI KİMLİĞİ
Kontrol Alanı KOHA_MİRAKIL
005 - EN SON İŞLEM TARİHİ ve ZAMANI
Kontrol Alanı 20260207004651.0
007 - FİZİKSEL TANIM SABİT ALAN - GENEL BİLGİ
Sabit uzunluklu kontrol alanı ta
008 - SABİT UZUNLUKTAKİ VERİ ÖGELERİ - GENEL BİLGİ
Sabit Alan 220201b2019 tu a|||gr||||#0|||0|tur |
020 ## - ISBN - ULUSLARARASI STANDART KİTAP NUMARASI
Isbn 9786056525889
040 ## - KATALOGLAMA KAYNAĞI
Özgün Kataloglama Kurumu TR-BiSEU
Kataloglama Dili tur
Çeviri Kurumu TR-BiSEU
Açıklama Kuralları rda
041 0# - DİL KODU
Metin ya da ses kaydının dil kodu tur
-- eng
044 ## - YAYINLAYAN/ÜRETEN KURULUŞUN ÜLKE KODU
ISO country code tu
050 ## - SINIFLAMA ve YER NUMARASI
Sınıflama Numarası JC571
Yer Numarası .U48 2019
240 10 - TEK BİÇİM BAŞLIK
Tekbiçim Başlık <a href="I. International Human Rights Symposium : "Rethinking Human Rights" Proceedings Book">I. International Human Rights Symposium : "Rethinking Human Rights" Proceedings Book</a>
Language of a work Türkçe
245 0# - ESER ADI BİLDİRİMİ
Başlık I. Uluslararası İnsan Hakları Sempozyumu :
Alt Eseradı vb. "İnsan Haklarını Yeniden Düşünmek" Bildiriler Kitabı =
-- I. International Human Rights Symposium :
-- "Rethinking Human Rights" Proceedings Book/
Sorumluluk Bildirimi editör Ertuğrul Yazar.
246 ## - DEĞİŞİK BAŞLIK FORMU
Başlık uygun / kısa başlık Uluslararası İnsan Hakları Sempozyumu (1. : 2018 : İstanbul)
264 #1 - ÜRERİM, YAYIN, DAĞITIM ve TELİF BİLDİRİMİ
Yayın yeri İstanbul :
Yayınlayan Türkiye İnsan Hakları ve Eşitlik Kurumu (TİHEK)
Yayın tarihi 2019
300 ## - FİZİKSEL TANIMLAMA
Sayfa, Cilt vb. XXIV 765 sayfa :
Diğer fiziki detaylar resimli ;
Boyutları 23 cm
336 ## - İÇERİK TÜRÜ
Content type term metin
Content type code txt
Source rdacontent
337 ## - MEDYA TÜRÜ
Media type term aracısız
Media type code n
Source rdamedia
338 ## - TAŞIYICI TÜRÜ
Carrier type term cilt
Carrier type code nc
Source rdacarrier
500 ## - GENEL NOT
Genel Not Kaynakça bölüm sonlarındadır.
500 ## - GENEL NOT
Genel Not Eser Türkçe, İngilizce ve Arapça bildirilerden oluşmaktadır.
650 #0 - KONU BAŞLIĞI EK GİRİŞ - KONU TERİMİ
Konusal terim veya coğrafi ad İnsan hakları--Kongreler.
9 (RLIN) 114844
650 #0 - KONU BAŞLIĞI EK GİRİŞ - KONU TERİMİ
Konusal terim veya coğrafi ad Medeni haklar--Türkiye.
9 (RLIN) 8889
650 #0 - KONU BAŞLIĞI EK GİRİŞ - KONU TERİMİ
Konusal terim veya coğrafi ad Human rights--Congresses.
9 (RLIN) 11485
650 #0 - KONU BAŞLIĞI EK GİRİŞ - KONU TERİMİ
Konusal terim veya coğrafi ad Civil rights.
9 (RLIN) 9314
907 ## - LOCAL DATA ELEMENT G, LDG (RLIN)
a Siyaset bilimi
942 ## - EK GİRİŞ ÖGELERİ (KOHA)
Source of classification or shelving scheme Library of Congress Classification
Koha item type Book
Holdings
Materyal Türü Kalıcı Konum Mevcut Konum Raf Yeri Sınıflandırma Kaynağı Edinim Bilgisi Ana Konular Alt Konular Yer Numarası Demirbaş Numarası Fatura Tarihi Geri Çekilme Durumu Kayıp Durumu Hasarlı Durumu Kredi için değil Kayıt Tarih Toplam Ödünçverme Son Görülme Tarihi Son Kontrol Tarihi Genel / Bağış Notu
Book Prof. Dr. Azmi Özcan Kütüphanesi Prof. Dr. Azmi Özcan Kütüphanesi Uluğbey Salonu Library of Congress Classification Bağış SİYASET BİLİMİ Siyaset Teorisi JC571 .U48 2019 0066735 02/02/2026         01/02/2022   05/03/2025 05/03/2025 Genel Bağış